000 01173cam a2200361 4500
999 _c24120
_d24120
001 vtls012196372
005 20251219144707.0
008 230221s2022 xo er 010 f slo
020 _a9788022025034
_q(viazané)
040 _aSNK
_bslo
_cSNK
_erda
041 1 _aslo
_heng
044 _axo
_cSK
072 7 _a821.111(73)-3
_xAmerická próza
_2konspekt
080 _a821.111(73)-31
_22011
080 _a(0:82-312.5)
_22011
100 1 _aQuinn, Ella
_4aut
_95372
240 1 0 _aIt started with a kiss
_lSlovensky
245 1 0 _aZačalo sa to bozkom
_cElla Quinn ; z anglického originálu preložila Tamara Chovanová
250 _aPrvé vydanie
264 1 _aBratislava
_bSlovenský spisovateľ
_c2022
300 _a358 strán
_c21 cm
336 _atext
_btxt
_2rdacontent
337 _abez média
_bn
_2rdamedia
338 _azväzok
_bnc
_2rdacarrier
655 7 _aamerické romány
_2SNKPH
_92
655 7 _aľúbostné romány
_2SNKPH
_913
655 7 _aAmerican novels
_2SNKPHeng
_91670
655 7 _aLove novels
_2SNKPHeng
_91667
700 1 _aChovanová, Tamara,
_d1953-
_4trl
_91712
958 _aLX
958 _aUP